[Event "American World Cup Q Prelim"]
[Site "Tornelo INT"]
[Date "2021.05.08"]
[Round "2"]
[White "Stephenson, John"]
[Black "Del Castilho, Martyn Simon"]
[Result "1/2-1/2"]
[WhiteElo "1629"]
[BlackElo "2304"]
[PlyCount "99"]
[EventDate "2021.05.08"]
[EventType "swiss (rapid)"]
[EventRounds "9"]
[EventCountry "USA"]
[SourceTitle "CBM 202 Extra"]
[Source "ChessBase"]
[SourceDate "2021.07.31"]
[SourceVersion "1"]
[SourceVersionDate "2021.07.31"]
[SourceQuality "1"]

1. Nf3 Nf6 2. c4 e6 3. g3 d5 4. Bg2 dxc4 5. 0-0 Nc6 6. Qa4 Nd5 7. Ne5 Bd7 8. Nxc6 Bxc6 9. Qxc4 Be7 10. Nc3 0-0 11. Nxd5 Bxd5 12. Bxd5 exd5 13. Qb3 Rb8 14. d3 Qd7 15. Bf4 b6 16. Rac1 Rbc8 17. d4 c5 18. dxc5 bxc5 19. Rfd1 Rfd8 20. Rc2 Bf6 21. h4 h6 22. Rcd2 c4 23. Qf3 d4 24. Bxh6 Qe6 25. Bg5 Bxg5 26. hxg5 Qe5 27. Qf4 Qxf4 28. gxf4 Rb8 29. Rxd4 Rxd4 30. Rxd4 Rxb2 31. Rxc4 Rxa2 32. e4 g6 33. Kg2 Ra3 34. Rc5 Kg7 35. f5 gxf5 36. exf5 a5 37. Rc7 Kg8 38. Ra7 a4 39. Ra8+ Kg7 40. Ra7 Kg8 41. Ra6 Ra1 42. Ra8+ Kg7 43. Ra7 Kg8 44. Ra5 a3 45. Ra4 Kg7 46. Ra7 Kg8 47. Ra8+ Kg7 48. Ra7 Kg8 49. Ra5 Kg7 50. Ra7 1/2-1/2

[Event "Nizami Ganjavi 880 years U17"]
[Site "Tornelo INT"]
[Date "2021.04.03"]
[Round "5.11"]
[White "Hrbek, Stepan"]
[Black "Stephenson, John"]
[Result "1-0"]
[WhiteElo "2230"]
[BlackElo "1629"]
[PlyCount "43"]
[EventDate "2021.04.02"]
[EventType "team-swiss (blitz)"]
[EventRounds "9"]
[EventCountry "AZE"]
[SourceTitle "EXT 2023"]
[Source "ChessBase"]
[SourceDate "2022.10.05"]
[SourceVersion "1"]
[SourceVersionDate "2022.10.05"]
[SourceQuality "1"]
[WhiteTeam "Czech Republic"]
[BlackTeam "Jamaica"]
[WhiteTeamCountry "CZE"]
[BlackTeamCountry "JAM"]

1. c4 Nf6 2. Nc3 g6 3. e4 d6 4. d4 Bg7 5. h3 0-0 6. Be3 c5 7. d5 Qa5 8. Bd3 Nbd7 9. Nf3 a6 10. a4 Qb4 11. Qc2 Nb6 12. a5 Nxc4 13. Bxc4 Nxe4 14. Ra4 Bxc3+ 15. bxc3 Qxc3+ 16. Qxc3 Nxc3 17. Ra3 Nb5 18. Rb3 Bd7 19. 0-0 f5 20. Bg5 Rfe8 21. Re1 Kf7 22. Rbe3 1-0

[Event "Nizami Ganjavi 880 years U17"]
[Site "Tornelo INT"]
[Date "2021.04.03"]
[Round "4.9"]
[White "Stephenson, John"]
[Black "Otero Marino, Alain"]
[Result "1-0"]
[WhiteElo "1629"]
[BlackElo "2232"]
[PlyCount "155"]
[EventDate "2021.04.02"]
[EventType "team-swiss (blitz)"]
[EventRounds "9"]
[EventCountry "AZE"]
[SourceTitle "EXT 2023"]
[Source "ChessBase"]
[SourceDate "2022.10.05"]
[SourceVersion "1"]
[SourceVersionDate "2022.10.05"]
[SourceQuality "1"]
[WhiteTeam "Jamaica"]
[BlackTeam "Cuba Masters"]
[WhiteTeamCountry "JAM"]
[BlackTeamCountry "CUB"]

1. Nf3 Nf6 2. c4 e6 3. g3 d5 4. Bg2 Be7 5. 0-0 0-0 6. d4 dxc4 7. Ne5 Nc6 8. Nxc6 bxc6 9. Bxc6 Rb8 10. Nc3 Qd6 11. Bf3 Rd8 12. Bf4 Qb6 13. Qa4 Nd5 14. Bd2 Qxd4 15. Rfd1 Bd7 16. Qc2 Qc5 17. Nxd5 exd5 18. Be3 Qb4 19. Bxd5 Qxb2 20. Qxc4 Qf6 21. Bxa7 Bb5 22. Qe4 Rbc8 23. Bd4 Qg6 24. Qf3 Rxd5 25. Qxd5 Bc6 26. Qc4 Re8 27. f3 h5 28. Qd3 Qh6 29. Be3 Qe6 30. Bf4 h4 31. Rac1 Bf6 32. Qc4 Qxc4 33. Rxc4 Bb5 34. Rxc7 Bxe2 35. Re1 Bd4+ 36. Kg2 Bxf3+ 37. Kxf3 Rxe1 38. gxh4 Ra1 39. Rc8+ Kh7 40. Ra8 Rf1+ 41. Kg4 Rg1+ 42. Bg3 g6 43. a4 Kg7 44. a5 Ra1 45. a6 Ra4 46. Kf3 Bb6 47. Be5+ f6 48. Bg3 Kf7 49. Kg2 Ra2+ 50. Kf3 Ra3+ 51. Ke4 Ra5 52. Kd3 f5 53. Kc4 Bg1 54. Kb4 Ra2 55. Kb5 Rb2+ 56. Kc6 Ra2 57. Be5 Ra5 58. Bg3 Ra4 59. Kb7 f4 60. Be1 f3 61. Rc8 f2 62. Rc7+ Kf6 63. Rc6+ Kf5 64. Bxf2 Bxf2 65. Rc8 Bd4 66. Rg8 Bf2 67. Rf8+ Ke6 68. Rxf2 Kd6 69. Rd2+ Kc5 70. a7 Rb4+ 71. Kc8 Ra4 72. Kb8 Rb4+ 73. Kc7 Ra4 74. Rc2+ Kd5 75. Kb7 Rb4+ 76. Ka6 Ra4+ 77. Kb6 Ra1 78. Rb2 1-0

[Event "Pan American-ch U14"]
[Site "Guayaquil"]
[Date "2019.07.24"]
[Round "5"]
[White "Benavides Conza, Diego Angelo"]
[Black "Stephenson, John"]
[Result "1-0"]
[WhiteElo "1620"]
[BlackElo "1347"]
[PlyCount "37"]
[EventDate "2019.07.21"]
[EventType "swiss"]
[EventRounds "9"]
[EventCountry "ECU"]
[SourceTitle "EXT 2020"]
[Source "ChessBase"]
[SourceDate "2019.10.17"]
[SourceVersion "1"]
[SourceVersionDate "2019.10.17"]
[SourceQuality "1"]

1. d4 Nf6 2. c4 g6 3. Nc3 Bg7 4. e4 d6 5. Nf3 0-0 6. Be2 e5 7. dxe5 dxe5 8. Qxd8 Rxd8 9. Bg5 Nbd7 10. 0-0-0 Kf8 11. h3 c6 12. Rd2 Nc5 13. Bxf6 Bxf6 14. b4 Ne6 15. Rhd1 Nd4 16. Kb2 Be6 17. Bf1 Nxf3 18. gxf3 Be7 19. a3 1-0